Мировые экономические кризисы 1848-1935. Т. 1: Сравнительные материалы по истории кризисов в важнейших капиталистических странах (Запись № 13599853)

Подробности
000 -МАРКЕР
контрольное поле 01210nam2a2200241 4500
001 - ИДЕНТИФИКАТОР ЗАПИСИ
контрольное поле rc\2941486
005 - ИДЕНТИФИКАТОР ВЕРСИИ
контрольное поле 20260315055809.0
035 ## - ДРУГИЕ СИСТЕМНЫЕ НОМЕРА
Идентификатор записи (NLR Aleph) 007090248
100 ## - ДАННЫЕ ОБЩЕЙ ОБРАБОТКИ
Данные общей обработки 20110825d1937 u y0rusy50 ca
101 0# - ЯЗЫК РЕСУРСА
Язык текста, звукозаписи и т.д. русский
102 ## - СТРАНА ПУБЛИКАЦИИ ИЛИ ПРОИЗВОДСТВА
Страна публикации Российская Федерация
105 ## - ПОЛЕ КОДИРОВАННЫХ ДАННЫХ: ТЕКСТОВЫЕ МАТЕРИАЛЫ, МОНОГРАФИЧЕСКИЕ
Кодированные данные о монографическом текстовом документе a z |||||
200 1# - ЗАГЛАВИЕ И СВЕДЕНИЯ ОБ ОТВЕТСТВЕННОСТИ
Основное заглавие Сравнительные материалы по истории кризисов в важнейших капиталистических странах
210 ## - ПУБЛИКАЦИЯ, РАСПРОСТРАНЕНИЕ И ДР.
Дата издания, распространения и т.д. 1937
215 ## - ФИЗИЧЕСКАЯ ХАРАКТЕРИСТИКА
Специфическое обозначение материала и объем Переплет, XXII, 808 с.
Другие сведения о физической характеристике диагр.
320 ## - ПРИМЕЧАНИЯ О НАЛИЧИИ В ДОКУМЕНТЕ БИБЛИОГРАФИИ / УКАЗАТЕЛЯ
Текст примечания Библиогр.: "Библиография по истории кризисов" (с. 79-800)
461 #0 - УРОВЕНЬ НАБОРА
Встроенное поле 001rc\2941485
-- 2001#$aМировые экономические кризисы 1848-1935$eТ. I-$fПод общ. ред. Е. Варга$gАкад. наук СССР. Ин-т мирового хоз-ва и мировой политики$vТ. 1
Системный номер (АБИС) связанной записи 6566530
Место публикации Москва
Дата публикации 1937
Первые сведения об ответственности Под общ. ред. Е. Варга
Имя издателя, распространителя и т.д. Соцэкгиз
Сведения, относящиеся к заглавию Т. I-
Заглавие Мировые экономические кризисы 1848-1935
Номер тома Т. 1
801 #0 - ИСТОЧНИК ЗАПИСИ
Страна Российская Федерация
Организация NLR
Правила каталогизации psbo
801 #1 - ИСТОЧНИК ЗАПИСИ
Страна Российская Федерация
Организация ELAR
Источник данных rusmarc
852 ## - МЕСТОНАХОЖДЕНИЕ И ШИФР ХРАНЕНИЯ
Идентификатор организации NLR
Шифр хранения (Call Number) 37-19/34(1)
942 ## - ДОПОЛНИТЕЛЬНЫЕ ЭЛЕМЕНТЫ ЗАПИСИ (АБИС)
Тип экземпляра АБИС Неопределено
980 ## - КОЛЛЕКЦИЯ
Название коллекции Национальная библиография

Нет доступных экземпляров.